Footballeurs champions de la Coupe du Monde - Mort subite - Statistiques

Statistiques générales
  • Ce quiz a été pris 4 496 fois
    4 330 depuis la dernière actualisation
  • Le résultat moyen est 12 sur 18
Answers on the Grid
Answers color-coded by a green-red scale on the quiz's grid according to % correct below.
Pelé
Diego Maradona
Kylian Mbappé
Zinedine Zidane
Cafu
Ronaldo Nazário
Franz Beckenbauer
Andrés Iniesta
Didier Deschamps
Manuel Neuer
Lionel Messi
Emiliano Martínez
Ángel Di María
Antoine Griezmann
Paul Pogba
N'Golo Kanté
Mesut Özil
Arjen Robben
Franck Ribéry
David Ginola
Patrick Vieira
Didier Drogba
Roberto Baggio
Erling haaland
Michel Platini
Cristiano Ronaldo
Robert Lewandowski
David Beckham
Zlatan Ibrahimović
Lamine Yamal
George Best
Luis Suárez
 
Statistiques - réponses
Réponse % Correct
Argentine 2022 Lionel Messi
76%
France 2018 Jeune joueur clé en 2018, triplé en finale 2022 (finaliste) Kylian Mbappé
75%
France 2018 Antoine Griezmann
74%
France 2018 N'Golo Kanté
74%
France 1998 Zinedine Zidane
74%
France 1998 Didier Deschamps
73%
France 2018 Paul Pogba
73%
Brésil 1958, 1962, 1970 Pelé
71%
Argentine 2022 Ángel Di María
70%
Argentine 2022 Emiliano Martínez
70%
Espagne 2010 Andrés Iniesta
69%
Allemagne 2014 Manuel Neuer
69%
Argentine 1986 Diego Maradona
67%
Brésil 1994, 2002 Ronaldo Nazário
64%
Brésil 1994, 2002 Cafu
59%
Allemagne 2014 Mesut Özil
59%
France 1998 Patrick Vieira
59%
Allemagne 1974 Franz Beckenbauer
57%
Aucun quiz correspondant
Distribution des résultats
% des personnes avec chaque résultat
Percentile par nombre de réponses
Votre historique - résultats
Vous n’avez pas pris ce quiz depuis la dernière actualisation